[Event "Marmelopolis op"]
[Site "Marmelopolis"]
[Date "2024.09.08"]
[Round "6"]
[White "Mota, Nataniel Julio Pere"]
[Black "De Oliveira, Romualdo L Portela"]
[Result "1-0"]
[WhiteElo "1960"]
[BlackElo "1800"]
[PlyCount "123"]
[EventDate "2024.09.06"]
[EventType "swiss"]
[EventRounds "6"]
[EventCountry "BRA"]
[SourceTitle "EXT 2025"]
[Source "ChessBase"]
[SourceDate "2024.10.14"]
[SourceVersion "1"]
[SourceVersionDate "2024.10.14"]
[SourceQuality "1"]

1. e4 c5 2. Nf3 Nc6 3. d4 cxd4 4. Nxd4 e5 5. Nb5 d6 6. N1c3 a6 7. Na3 b5 8. Nd5 Be6 9. Be3 Rb8 10. c4 b4 11. Nc2 a5 12. Be2 Nf6 13. f3 Be7 14. b3 0-0 15. 0-0 Nd7 16. Qd2 Nc5 17. Rfd1 Bxd5 18. cxd5 Na7 19. Ne1 Nb5 20. Bxc5 dxc5 21. Bxb5 Rxb5 22. d6 Bg5 23. Qf2 Qf6 24. Rd5 Qh6 25. Nc2 Rd8 26. Rad1 Kf8 27. R1d3 c4 28. bxc4 Rxd5 29. exd5 Qxd6 30. c5 Qa6 31. Ne1 Qc4 32. Qc2 Qb5 33. c6 Rc8 34. g3 Qb6+ 35. Qf2 Qb5 36. Qe2 Qc5+ 37. Kg2 Qd6 38. Qe4 g6 39. Qg4 Qd8 40. h4 Bh6 41. Qc4 Qb6 42. Qe4 Bg7 43. g4 a4 44. Nc2 b3 45. axb3 axb3 46. Qb4+ Qxb4 47. Nxb4 b2 48. Rb3 e4 49. fxe4 Ke7 50. Nd3 Ra8 51. Rb7+ Kd8 52. d6 Kc8 53. d7+ Kd8 54. Nxb2 Bxb2 55. Rxb2 Kc7 56. Rd2 Rd8 57. Rc2 Ra8 58. Kf3 h6 59. Kf4 f6 60. h5 Rg8 61. hxg6 Rxg6 62. Rd2 1-0

[Event "Sudeste/Centro Oeste-ch U2200"]
[Site "Barbacena"]
[Date "2021.10.24"]
[Round "4"]
[White "Mota, Nataniel Julio Pere"]
[Black "Da Silva, Wagner Afonso"]
[Result "1-0"]
[WhiteElo "1902"]
[BlackElo "1925"]
[PlyCount "103"]
[EventDate "2021.10.22"]
[EventType "swiss"]
[EventRounds "5"]
[EventCountry "BRA"]
[SourceTitle "EXT 2023"]
[Source "ChessBase"]
[SourceDate "2022.10.05"]
[SourceVersion "1"]
[SourceVersionDate "2022.10.05"]
[SourceQuality "1"]

1. d4 Nf6 2. c4 e6 3. Nf3 b6 4. Nc3 Bb7 5. Bg5 Be7 6. e3 d5 7. cxd5 exd5 8. Bd3 0-0 9. 0-0 Nbd7 10. Rc1 c6 11. Re1 Re8 12. e4 Nxe4 13. Bxe7 Rxe7 14. Nxe4 dxe4 15. Bxe4 Rc8 16. Qd3 g6 17. Nd2 Qe8 18. Re3 Nf6 19. Bf3 Nd5 20. Bxd5 cxd5 21. Rxc8 Bxc8 22. Rxe7 Qxe7 23. Qe3 Be6 24. h3 Qb4 25. Qc3 Qa4 26. a3 Bf5 27. Kh2 Qd1 28. Qe3 Be6 29. Nf3 Qc2 30. Ng5 Bd7 31. Qf4 Qf5 32. Qxf5 Bxf5 33. Kg3 f6 34. Nf3 Kf7 35. Nd2 Ke7 36. Kf4 Kd6 37. g4 Bd3 38. h4 h6 39. Ke3 Bc2 40. f4 Kc6 41. g5 fxg5 42. fxg5 hxg5 43. hxg5 Kb5 44. Kf4 Bd1 45. Ke5 Kc6 46. Kf6 Bc2 47. Nf3 Kb5 48. Ne5 Ka4 49. Nxg6 Kb3 50. Ne7 Kxb2 51. Nf5 Kxa3 52. g6 1-0

[Event "Sudeste/Centro Oeste-ch U2200"]
[Site "Barbacena"]
[Date "2021.10.24"]
[Round "5"]
[White "Sampaio, Andre Luiz"]
[Black "Mota, Nataniel Julio Pere"]
[Result "0-1"]
[WhiteElo "1655"]
[BlackElo "1902"]
[PlyCount "140"]
[EventDate "2021.10.22"]
[EventType "swiss"]
[EventRounds "5"]
[EventCountry "BRA"]
[SourceTitle "EXT 2023"]
[Source "ChessBase"]
[SourceDate "2022.10.05"]
[SourceVersion "1"]
[SourceVersionDate "2022.10.05"]
[SourceQuality "1"]

1. d4 Nf6 2. Nf3 d5 3. Bg5 Ne4 4. Bh4 c5 5. e3 Qb6 6. Qc1 e6 7. c3 Bd7 8. Nbd2 f5 9. a4 Nc6 10. Be2 h6 11. Nxe4 dxe4 12. Ne5 Nxe5 13. dxe5 g5 14. Bh5+ Ke7 15. Bg3 Bg7 16. 0-0 Qc7 17. f4 exf3 18. Bxf3 Rab8 19. e4 f4 20. Bf2 Bxe5 21. Qd1 Rbd8 22. Qe2 b6 23. a5 Bc6 24. axb6 axb6 25. Qc4 Bb7 26. Bg4 Qc6 27. Ra7 Rd7 28. h3 Rc8 29. Rd1 Rxd1+ 30. Bxd1 Kf6 31. Bg4 Rc7 32. Qb3 Re7 33. Bf3 Bc8 34. Rxe7 Kxe7 35. Qc4 Bd7 36. b4 cxb4 37. Qxb4+ Kf7 38. Bh5+ Kg8 39. Qe7 Qd6 40. Qf7+ Kh8 41. Bg6 Bg7 42. Bd4 e5 43. Bxe5 Qxe5 44. Qxd7 Qf6 45. Qe8+ Bf8 46. Bf5 Kg7 47. Qd7+ Qe7 48. Qc6 Qc5+ 49. Qxc5 Bxc5+ 50. Kf1 Kf6 51. Ke2 Ke5 52. Kd3 Bf2 53. Bh7 h5 54. Bf5 Be1 55. c4 Bf2 56. Bc8 Bg1 57. Bd7 h4 58. Bg4 Kd6 59. Bf5 Be3 60. Bg4 Bc1 61. Bc8 Bb2 62. Bf5 Be5 63. Bc8 Kc5 64. Bg4 Kb4 65. Be6 Bf6 66. Bf7 g4 67. hxg4 f3 68. Ke3 fxg2 69. Kf2 h3 70. g5 Bd4+ 0-1

[Event "Varginha Mineiro-ch"]
[Site "Varginha"]
[Date "2020.09.06"]
[Round "4"]
[White "Dibai, Jerry"]
[Black "Mota, Nataniel Julio Pere"]
[Result "0-1"]
[WhiteElo "1706"]
[BlackElo "1964"]
[PlyCount "116"]
[EventDate "2020.09.04"]
[EventType "swiss"]
[EventRounds "7"]
[EventCountry "BRA"]
[SourceTitle "EXT 2021"]
[Source "ChessBase"]
[SourceDate "2020.10.23"]
[SourceVersion "1"]
[SourceVersionDate "2020.10.23"]
[SourceQuality "1"]

1. e4 c5 2. Nf3 Nc6 3. g3 g6 4. Bg2 Bg7 5. 0-0 Nf6 6. d3 d5 7. Nc3 dxe4 8. dxe4 Qxd1 9. Rxd1 Bg4 10. Re1 Bxf3 11. Bxf3 Nd4 12. Bd1 h6 13. Nd5 Nxd5 14. exd5 Rd8 15. c3 Nf5 16. Bf3 0-0 17. h4 h5 18. Bg5 Rd7 19. Re2 Bh6 20. Be4 Bxg5 21. Bxf5 gxf5 22. hxg5 Kg7 23. Re5 Kg6 24. Rae1 Kxg5 25. Rxe7 Rfd8 26. c4 f4 27. Kg2 fxg3 28. fxg3 a6 29. R1e5+ f5 30. Re8 b5 31. b3 bxc4 32. bxc4 Rxe8 33. Rxe8 Rb7 34. Rg8+ Kf6 35. Rf8+ Ke5 36. Kf3 Rb4 37. Re8+ Kd4 38. d6 Rb7 39. Re7 Rb8 40. Rc7 Kxc4 41. d7 Rd8 42. Kf4 Kd5 43. Kxf5 Kd6 44. Ra7 Rxd7 45. Rxa6+ Kd5 46. Ra4 c4 47. Kf4 Kd4 48. Kf3 Kd3 49. Ra5 Rf7+ 50. Kg2 Rh7 51. Rd5+ Ke4 52. Rd1 c3 53. Kf2 c2 54. Rc1 Kd3 55. Kf3 Rf7+ 56. Kg2 Kd2 57. Rxc2+ Kxc2 58. a4 Ra7 0-1

[Event "Varginha Mineiro-ch"]
[Site "Varginha"]
[Date "2019.11.15"]
[Round "3"]
[White "Molina, Roberto Junio Brito"]
[Black "Mota, Nataniel Julio Pere"]
[Result "1-0"]
[WhiteElo "2451"]
[BlackElo "1953"]
[PlyCount "73"]
[EventDate "2019.11.14"]
[EventType "swiss"]
[EventRounds "7"]
[EventCountry "BRA"]
[SourceTitle "CBM 193 Extra"]
[Source "ChessBase"]
[SourceDate "2020.01.31"]
[SourceVersion "1"]
[SourceVersionDate "2020.01.31"]
[SourceQuality "1"]

1. d4 d5 2. c4 e6 3. Nf3 Nf6 4. g3 c5 5. cxd5 exd5 6. Bg2 Nc6 7. 0-0 Be7 8. Nc3 0-0 9. Bg5 Be6 10. Rc1 cxd4 11. Nxd4 Nxd4 12. Qxd4 Qa5 13. Qa4 Qxa4 14. Nxa4 Rac8 15. Be3 b6 16. Nc3 Bc5 17. Bxc5 Rxc5 18. Rfd1 Rfc8 19. Rd2 Ne4 20. Bxe4 dxe4 21. Rcd1 f5 22. f3 exf3 23. exf3 Kf7 24. Kf2 b5 25. Ne2 a6 26. Nd4 Rc1 27. Rxc1 Rxc1 28. b3 Rh1 29. Ke3 g5 30. Rc2 Re1+ 31. Kd2 Rh1 32. Rc7+ Kf6 33. Rc6 Ke5 34. Nxe6 Rxh2+ 35. Kd3 Rxa2 36. Nc7 f4 37. Re6+ 1-0

[Event "Sudeste/Centro-Oeste-ch U2000"]
[Site "Barbacena"]
[Date "2019.10.27"]
[Round "6"]
[White "Mota, Nataniel Julio Pere"]
[Black "Da Silva, Wagner Afonso"]
[Result "1/2-1/2"]
[WhiteElo "1916"]
[BlackElo "1899"]
[PlyCount "59"]
[EventDate "2019.10.25"]
[EventType "swiss"]
[EventRounds "6"]
[EventCountry "BRA"]
[SourceTitle "CBM 193 Extra"]
[Source "ChessBase"]
[SourceDate "2020.01.31"]
[SourceVersion "1"]
[SourceVersionDate "2020.01.31"]
[SourceQuality "1"]

1. d4 Nf6 2. c4 e6 3. Nc3 Bb4 4. Nf3 d5 5. Bg5 Nbd7 6. e3 0-0 7. Bd3 h6 8. Bh4 c6 9. 0-0 Be7 10. Rc1 Nb6 11. c5 Nbd7 12. b4 Nh7 13. Bg3 Ng5 14. Re1 Bf6 15. Nxg5 Bxg5 16. Bc2 f5 17. Bd6 Be7 18. Bxe7 Qxe7 19. f4 Nf6 20. Rb1 Bd7 21. a4 Kh8 22. Qf3 Rg8 23. Re2 g5 24. b5 g4 25. Qf1 Rab8 26. bxc6 bxc6 27. g3 Qd8 28. Rxb8 Qxb8 29. Qb1 Qc7 30. Bd3 1/2-1/2

[Event "Mineiro-ch"]
[Site "Barbacena"]
[Date "2018.12.02"]
[Round "4"]
[White "Ribeiro, Jose Joselito"]
[Black "Mota, Nataniel Julio Pere"]
[Result "0-1"]
[WhiteElo "1969"]
[BlackElo "1824"]
[PlyCount "80"]
[EventDate "2018.11.30"]
[EventType "swiss"]
[EventRounds "5"]
[EventCountry "BRA"]
[SourceTitle "CBM 187 Extra"]
[Source "ChessBase"]
[SourceDate "2018.11.04"]
[SourceVersion "1"]
[SourceVersionDate "2018.11.04"]
[SourceQuality "1"]

1. c4 Nf6 2. Nf3 e6 3. g3 d5 4. cxd5 exd5 5. Bg2 Bd6 6. d4 0-0 7. 0-0 Re8 8. Nc3 c6 9. Qc2 Bg4 10. e4 dxe4 11. Ng5 h6 12. Nxf7 Kxf7 13. Qb3+ Kf8 14. Qxb7 Qd7 15. Qxa8 Na6 16. Qxe8+ Qxe8 17. a3 Bf3 18. Re1 Bxg2 19. Kxg2 Qg6 20. Bd2 Nc7 21. Rac1 Ne6 22. Ne2 Qf5 23. Rc3 Ng5 24. Bxg5 hxg5 25. Ng1 Qd5 26. Ne2 g4 27. Re3 Qf5 28. Ng1 c5 29. Ne2 Nd5 30. Rf1 Kg8 31. dxc5 Nxe3+ 32. fxe3 Qxc5 33. Nd4 Qb6 34. b4 Be5 35. Nf5 Bb2 36. Ne7+ Kh7 37. Rf5 g6 38. Rf7+ Bg7 39. Nd5 Qe6 40. Nf6+ Kh8 0-1

[Event "Mineiro-ch"]
[Site "Barbacena"]
[Date "2018.12.01"]
[Round "3"]
[White "Mota, Nataniel Julio Pere"]
[Black "Da Silva, Wagner Afonso"]
[Result "1-0"]
[WhiteElo "1824"]
[BlackElo "1906"]
[PlyCount "129"]
[EventDate "2018.11.30"]
[EventType "swiss"]
[EventRounds "5"]
[EventCountry "BRA"]
[SourceTitle "CBM 187 Extra"]
[Source "ChessBase"]
[SourceDate "2018.11.04"]
[SourceVersion "1"]
[SourceVersionDate "2018.11.04"]
[SourceQuality "1"]

1. d4 Nf6 2. c4 e6 3. Nf3 d5 4. Nc3 Be7 5. Bg5 0-0 6. e3 Nbd7 7. Rc1 b6 8. cxd5 exd5 9. Bd3 Bb7 10. Qc2 Rc8 11. 0-0 h6 12. Bh4 a6 13. Bf5 Ra8 14. Na4 Bd6 15. Bxd7 Qxd7 16. Bxf6 gxf6 17. Nh4 Bc8 18. f4 Qg4 19. Qf2 f5 20. Nc3 Be6 21. Ne2 Kh8 22. h3 Qh5 23. Nf3 Rg8 24. Kh1 f6 25. Qh4 Qxh4 26. Nxh4 Rg7 27. Rf3 Rag8 28. Kh2 c5 29. dxc5 bxc5 30. Rg3 Rxg3 31. Nxg3 d4 32. Ngxf5 Bxf5 33. Nxf5 Bb8 34. g3 dxe3 35. Nxe3 Re8 36. Re1 h5 37. h4 Ba7 38. Ng2 Rxe1 39. Nxe1 f5 40. b3 Kg7 41. Kg2 Kf6 42. Nc2 a5 43. Ne3 Ke6 44. Nc4 a4 45. Kf3 Kd5 46. Ke3 axb3 47. axb3 Bb8 48. Kd3 Bc7 49. Ne3+ Ke6 50. Kc4 Bd6 51. Nd5 Bf8 52. Nc7+ Kd7 53. Nb5 Kc6 54. Nc3 Kd6 55. Nd5 Ke6 56. Ne3 Be7 57. Kb5 Bf8 58. Kc6 Be7 59. Nd5 Bf8 60. Nc7+ Ke7 61. Na6 Bg7 62. Nxc5 Bd4 63. Nd3 Kd8 64. Kd5 Bc3 65. Ke6 1-0

[Event "Mineiro-ch"]
[Site "Belo Horizonte"]
[Date "2018.09.15"]
[Round "3"]
[White "Moura, Eduardo Henrique B"]
[Black "Mota, Nataniel Julio Pere"]
[Result "1-0"]
[WhiteElo "2186"]
[BlackElo "1831"]
[PlyCount "125"]
[EventDate "2018.09.14"]
[EventType "swiss"]
[EventRounds "5"]
[EventCountry "BRA"]
[SourceTitle "CBM 187 Extra"]
[Source "ChessBase"]
[SourceDate "2018.11.04"]
[SourceVersion "1"]
[SourceVersionDate "2018.11.04"]
[SourceQuality "1"]

1. e4 e6 2. d4 d5 3. e5 c5 4. c3 Nc6 5. Nf3 Bd7 6. a3 Qb6 7. b4 c4 8. a4 a6 9. h4 f6 10. Bf4 f5 11. Be2 Be7 12. Na3 Nd8 13. Nc2 Nf7 14. Qd2 0-0-0 15. g3 Ngh6 16. Ne3 Rdf8 17. Ng2 Qd8 18. b5 a5 19. 0-0-0 Ng4 20. Rdf1 Rfg8 21. Ng1 Ngh6 22. Nh3 Rf8 23. Ne3 Qb6 24. Qb2 Ng8 25. Bf3 h6 26. h5 Ng5 27. Be2 Ne4 28. f3 Ng5 29. Ng2 Nxh3 30. Rxh3 Qd8 31. Nh4 Be8 32. Ng2 b6 33. Rhh1 Kb7 34. Bd1 Bd7 35. Rf2 Re8 36. Nh4 Bg5 37. Ng6 Rh7 38. Qd2 Be7 39. Kb2 Bf8 40. g4 Ne7 41. Nh4 Rh8 42. Bc2 Qc8 43. Rg1 Rd8 44. Qc1 Be8 45. Qb1 g5 46. hxg6 Nxg6 47. Nxg6 Bxg6 48. gxf5 Bxf5 49. Bxf5 exf5 50. Rg6 Qd7 51. Rfg2 Qe7 52. Qa1 Qh4 53. Qc1 Qe7 54. Kc2 Qh7 55. Qg1 Qe7 56. Rg7 Bxg7 57. Rxg7 Rd7 58. Qg6 h5 59. Qc6+ Ka7 60. e6 Re8 61. Bc7 Rd6 62. Bxb6+ Kb8 63. Bc7+ 1-0